000 00278nam a2200121 a 4500
008 101209s1985|||| d
100 1 _aPijoan, Jose
245 1 0 _aDejiny umenia /zv.7/
260 _bTatran
_aBratislava
_c1985
020 _c175
044 _axo
_cSK
041 _aslo
999 _c14959
_d14959